000 00701nam a22002057a 4500
999 _c10416
_d10416
003 AR-CdUCM
008 190401b ||||| |||| 00| 0 spa d
040 _aMUNICIPALIDAD PROVINCIAL DEL CUSCO
_cBIBLIOTECA MUNICIPAL DEL CUSCO
082 _24ed.
_aES / 800 /
_bB15
245 _aLuis de Beethoven :
_bLa Vida del Gran Músico /
260 _aBarcelona :
_bAraluce ;
_c1953.
300 _a154 páginas ;
_c15cm
_bIlustraciones
440 _aLos Grandes Hechos de los Grandes Hombres
_927218
505 _aContenido: Novela
650 _aNovela
_9572
650 _aLiteratura juvenil
_91580
700 _aBaeza, José (su vida relatada a la juventud)
_927256
942 _2ddc
_cLIBROS
945 _anom